Bài giảng quy hoạch thủy lợi

Bài giảng trình bày các nguyên lý của việc lập dự án, phân tích các phương án kinh tế và xem xét các tác động về mặt môi trường và các yếu tố xã hội liên quan đến nông thôn.

Kaydedildi:
Detaylı Bibliyografya
Yazar: Lê, Anh Tuấn
Materyal Türü: Kitap
Dil:Undetermined
Baskı/Yayın Bilgisi: Cần Thơ Khoa Công Nghệ 2002
Konular:
Etiketler: Etiketle
Etiket eklenmemiş, İlk siz ekleyin!
Thư viện lưu trữ: Trung tâm Học liệu Trường Đại học Cần Thơ
LEADER 00805nam a2200193Ia 4500
001 CTU_51453
008 210402s9999 xx 000 0 und d
082 |a 627.52 
082 |b T502 
100 |a Lê, Anh Tuấn 
245 0 |a Bài giảng quy hoạch thủy lợi 
245 0 |c Lê Anh Tuấn 
260 |a Cần Thơ 
260 |b Khoa Công Nghệ 
260 |c 2002 
520 |a Bài giảng trình bày các nguyên lý của việc lập dự án, phân tích các phương án kinh tế và xem xét các tác động về mặt môi trường và các yếu tố xã hội liên quan đến nông thôn. 
650 |a Irrigation engineering 
904 |i Trọng Hải 
980 |a Trung tâm Học liệu Trường Đại học Cần Thơ